000 00557nam a2200229Ia 4500
003 OSt
005 20220928150232.0
006 a|||||r|||| 00| 0
007 ta
008 220927b |||||||| |||| 00| 0 eng d
024 _a89158
037 _cTextual
040 _aSDCL
_cSDCL
_beng
041 _2eng
_aeng
082 _aI:68, M7
100 _aHohn Th
_9515805
245 0 _aPlant DNA infectious agents
260 _c1987
700 _a Schell J
_9515806
942 _hI:68, M7
_cTEXL
_2CC
999 _c840897
_d840897